<?xml version="1.0" encoding="UTF-8"?><?xml-stylesheet type="text/xsl" href="static/style.xsl"?><OAI-PMH xmlns="http://www.openarchives.org/OAI/2.0/" xmlns:xsi="http://www.w3.org/2001/XMLSchema-instance" xsi:schemaLocation="http://www.openarchives.org/OAI/2.0/ http://www.openarchives.org/OAI/2.0/OAI-PMH.xsd"><responseDate>2026-04-27T22:03:13Z</responseDate><request verb="GetRecord" identifier="oai:uvadoc.uva.es:10324/7131" metadataPrefix="marc">https://uvadoc.uva.es/oai/request</request><GetRecord><record><header><identifier>oai:uvadoc.uva.es:10324/7131</identifier><datestamp>2021-06-29T10:13:54Z</datestamp><setSpec>com_10324_38</setSpec><setSpec>col_10324_852</setSpec></header><metadata><record xmlns="http://www.loc.gov/MARC21/slim" xmlns:doc="http://www.lyncode.com/xoai" xmlns:xsi="http://www.w3.org/2001/XMLSchema-instance" xmlns:dcterms="http://purl.org/dc/terms/" xsi:schemaLocation="http://www.loc.gov/MARC21/slim http://www.loc.gov/standards/marcxml/schema/MARC21slim.xsd">
<leader>00925njm 22002777a 4500</leader>
<datafield tag="042" ind1=" " ind2=" ">
<subfield code="a">dc</subfield>
</datafield>
<datafield tag="720" ind1=" " ind2=" ">
<subfield code="a">Villazán Carpintero, Raquel</subfield>
<subfield code="e">author</subfield>
</datafield>
<datafield tag="260" ind1=" " ind2=" ">
<subfield code="c">2014</subfield>
</datafield>
<datafield tag="520" ind1=" " ind2=" ">
<subfield code="a">Este trabajo fin de grado se lleva a cabo mediante una revisión bibliográfica realizada en el contexto de España, con el objetivo de identificar la utilización del Proceso Enfermero (PE) en el ámbito de Atención Primaria (AP), así como la identificación de las dificultades y beneficios de su aplicación práctica. Para ello se realizó una búsqueda bibliográfica en las bases de datos de la Biblioteca Virtual de la salud, Cuiden y PubMed. Se analizaron un total de 13 artículos que respondían al objetivo de estudio y a los criterios de inclusión. Tras el análisis de los resultados se observa que es bajo el porcentaje de EAP que no utilizan el PE, aunque no por ello deja de ser importante, y la aplicación de este es muy variable de unos EAP a otros dando como resultado cuidados de baja calidad. Las dificultades que se identifican son: la falta de unanimidad, falta de formación, tendencia a una posición biomédica y otras condiciones que se dan en el ambiente de trabajo. Los beneficios de utilizar el PE como favorecería las personas cuidadas, los profesionales e instituciones, su aplicación, no se han encontrado datos objetivos que lo demuestren, tan solo se nombran en las justificaciones de los artículos y rasgos generales las bondades de este. Por lo tanto, como conclusión, parece necesario que los profesionales de enfermería aumenten su confianza en el PE, mediante la formación e investigación, para que puedan adoptando con el rigor que se merece y demostrar a la sociedad nuestra aportación específica</subfield>
</datafield>
<datafield tag="024" ind2=" " ind1="8">
<subfield code="a">http://uvadoc.uva.es/handle/10324/7131</subfield>
</datafield>
<datafield ind1=" " ind2=" " tag="653">
<subfield code="a">Atención primaria</subfield>
</datafield>
<datafield ind1=" " ind2=" " tag="653">
<subfield code="a">Enfermería</subfield>
</datafield>
<datafield tag="245" ind1="0" ind2="0">
<subfield code="a">Utilización del proceso enfermero en atención primaria en España: Revisión bibliográfica</subfield>
</datafield>
</record></metadata></record></GetRecord></OAI-PMH>